Movies by Actor and Director Quiz Stats

Quiz Updated Jan 2, 2015

Also try: Movie Directors
Challenge
Share
Tweet
Embed
Score 0/25 Timer 05:00
0 Plays Today
% Correct
Titanic
91.6%
Django Unchained
82.8%
Inglourious Basterds
81.2%
Inception
80.8%
Raiders of the Lost Ark
76.1%
O Brother, Where Art Thou?
76.1%
The Aviator
75.2%
Catch Me If You Can
75.1%
Forrest Gump
68.2%
Apollo 13
67.6%
Snatch
66.1%
Ocean's Eleven
64.8%
The Green Mile
64.8%
% Correct
Blade Runner
64.6%
Se7en
64.2%
Gravity
63.6%
Air Force One
63.5%
12 Monkeys
59%
From Dusk til Dawn
58.8%
Road to Perdition
53%
The Ladykillers
52.8%
American Graffiti
51.6%
Cowboys & Aliens
49.3%
The Tree of Life
43.7%
The Thin Red Line
39.4%

You're not logged in!

Compare scores with friends on all Sporcle quizzes.
Sign Up with Email
OR
Log In

You Might Also Like...

Show Comments

Extras

Top Quizzes Today


Score Distribution

Your Account Isn't Verified!

In order to create a playlist on Sporcle, you need to verify the email address you used during registration. Go to your Sporcle Settings to finish the process.